000 00342nam a2200145Ia 4500
008 090123s9999 xx 000 0 und d
082 _b25640
245 _aभन्जा
250 _a0
260 _bराज पॉकेट बुक्स
300 _a64
630 _aभन्जा
730 _aभन्जा
942 _cBOOK
999 _c63711
_d63711